LEADER 01286nam a2200313 u 4500 001 000000040831 003 CaOOAMICUS 005 20070226114139.0 008 980716s1995 it u000 u ita u 020 $a8814050848 035 $a10800049 040 $aMSA$bita$dPUL 100 1 $aBivona, Giuseppe.$0(OLS)http://pul/name/30092 245 10$aAffitto di fondi rustici :$baffitto a coltivatore diretto /$cGiuseppe Bivona. 260 $aMilano :$bGiuffrè,$c1995. 300 $axiv, 453 p. ;$c25 cm 490 1 $aIl Codice civile.$aCommentario 500 $aContiene indici. 505 0 $aArtt. 1628-1654. 650 4$aColtivatori diretti$zItalia.$0(OLS)http://pul/subject/18432 650 4$aDiritto civile$zItalia.$0(OLS)http://pul/subject/3770 830 3$aIl Codice civile.$pCommentario.$0(OLS)http://pul/title/53143 850 $aPUL 852 $aPUL$W1$xSL Diritto e Scienze Sociali 3$y79$m300 A 1.1628$j55425$nBK-PRI$b $qDDC 21$B55425$CPULBib$Z2$F55425 $H86370 $82 941 1 $a9 961 $aINV: 86370 996 $6020$a8814050848$9(OLS)http://pul/number/50693 996 $6245$aAffitto di fondi rustici :$baffitto a coltivatore diretto$9(OLS)http://pul/title/55054 996 $6260$aMilano :$bGiuffrè$9(OLS)http://pul/publisher/48401 LEADER 01443nam a2200289 i 4500 001 000000107813 003 CaOOAMICUS 005 20071023163444.0 008 071023m19571960sp z u000 u spa c 040 $aANG$bita$dANDREA$dPUL$dLDB 100 1 $aRegatillo, Eduardo F.,$cS.I.$0(OLS)http://pul/name/26826 245 10$aCasos canónico-morales /$cEduardo F. Regatillo. 246 32$aCasos canónicos 250 $a2. ed. refundida. 260 $aSantander :$bSal Terrae,$c1957-1960. 300 $a3 v. ;$c22 cm. 500 $aTit. del vol. 1: Casos canónicos. 505 0 $av. 1: Normas generales, personas. -- v. 2. Sacramentos. -- v. 3. Simonia, sacramentales, indulgencias [...]. 650 14$aDiritto canonico$vManuali e compendi.$0(OLS)http://pul/subject/11542 850 $aPUL 852 $aPUL$W1$xSL Religione 1$y3$m36 F 22$j122611$av. 1$qStampati$B121593$CPULBib$Z2$F121593 $H27700 $82 852 $aPUL$W1$xSL Religione 1$y3$m36 F 23$j122612$av. 2$qStampati$B121594$CPULBib$Z2$F121594 $H27701 $82 852 $aPUL$W1$xSL Religione 1$y3$m36 F 24$j122613$av. 3$qStampati$B121595$CPULBib$Z2$F121595 $H27702 $82 941 1 $a8 996 $6246$aCasos canónicos$9(OLS)http://pul/title/135765 996 $6245$aCasos canónico-morales$9(OLS)http://pul/title/135764 996 $6260$aSantander :$bSal Terrae$9(OLS)http://pul/publisher/58260